Two years in parliament (1954-1954) : (Record no. 6180)

MARC details
000 -LEADER
fixed length control field 00572cam a2200193ua 4500
001 - CONTROL NUMBER
control field 7055
005 - DATE AND TIME OF LATEST TRANSACTION
control field 20260515114139.0
008 - FIXED-LENGTH DATA ELEMENTS--GENERAL INFORMATION
fixed length control field 141120n ii |||gr||||Z||||||eng
040 ## - CATALOGING SOURCE
Transcribing agency MAIN
041 ## - LANGUAGE CODE
Language code of text/sound track or separate title eng
082 ## - DEWEY DECIMAL CLASSIFICATION NUMBER
Classification number 328
100 ## - MAIN ENTRY--PERSONAL NAME
Personal name Bhuyan, Suryya Kumar.,
Relator term Author.
245 ## - TITLE STATEMENT
Title Two years in parliament (1954-1954) :
Remainder of title Speeches and questions in the council of states duting 1952-54 /
Statement of responsibility, etc. By Suryya Kumar Bhuyan .
250 ## - EDITION STATEMENT
Edition statement 1st.
260 ## - PUBLICATION, DISTRIBUTION, ETC.
Place of publication, distribution, etc. Guwahati:
Name of publisher, distributor, etc. Publication board of Assam,
Date of publication, distribution, etc. 2010.
300 ## - PHYSICAL DESCRIPTION
Extent 97p.
653 ## - INDEX TERM--UNCONTROLLED
Uncontrolled term The legislative process
942 ## - ADDED ENTRY ELEMENTS (KOHA)
Koha item type Books
Holdings
Withdrawn status Lost status Damaged status Not for loan Home library Current library Shelving location Date acquired Total checkouts Full call number Barcode Date last seen Copy number Price effective from Koha item type
        Naharkatiya College Library Naharkatiya College Library General stacks 09/19/2020   328 | BHU 21952 09/19/2020 2 09/19/2020 Books
        Naharkatiya College Library Naharkatiya College Library General stacks 09/19/2020   328 | BHU 21953 09/19/2020 1 09/19/2020 Books